00908cam a2200241 a 4500001000400000003001000004005001700014008004100031020001800072040002500090080002300115245015300138260003800291300002700329490005700356504002500413650002700438650004400465650005000509700002700559700003800586830004200624299BR-CuiBMT20231114222301.0230927s2015 mgba 000 0 por d a9788545000365 aBR-CuiBMTcBR-CuiBMT 22007a342.97x(81)02aO procedimento de manifestação de interesse à luz do ordenamento jurídico brasileiro /cRafael Valim, Augusto Neves Dal Pozzo, coordenadores aBelo Horizonte :bFórum,c2015. a266 p. :bil. ;c22 cm1 aColeção Fórum direito e infraestrutura ;vv. 2 aInclui bibliografia. aDireito administrativo aLicitaçõesvLegislação e normas aAdministração públicaxControlezBrasil1 aValim, Rafael 4coord.1 aDal Pozzo, Augusto Neves 4coord. 0aFórum direito e infraestrutura ;v2